Complete IELTS : Workbook Audio CD

Complete IELTS combines the very best in contemporary classroom practice with stimulating topics aimed at young adults wanting to study at university. This course covers all parts of the IELTS exam in detail, providing information, advice and practice to ensure that students are fully prepared for e...

Disgrifiad llawn

Wedi'i Gadw mewn:
Manylion Llyfryddiaeth
Prif Awdur: Wyatt, Rawdon
Fformat: Llyfr
Iaith:Undetermined
Cyhoeddwyd: Cambridge Cambridge Unipveristy 2013
Pynciau:
Tagiau: Ychwanegu Tag
Dim Tagiau, Byddwch y cyntaf i dagio'r cofnod hwn!
Thư viện lưu trữ: Trung tâm Học liệu Trường Đại học Cần Thơ
LEADER 01300nam a2200217Ia 4500
001 CTU_190562
008 210402s9999 xx 000 0 und d
082 |a 428.24 
082 |b W975/B.6.5-7.5 
100 |a Wyatt, Rawdon 
245 0 |a Complete IELTS : 
245 0 |b Workbook Audio CD 
245 0 |c Rawdon Wyatt 
260 |a Cambridge 
260 |b Cambridge Unipveristy 
260 |c 2013 
520 |a Complete IELTS combines the very best in contemporary classroom practice with stimulating topics aimed at young adults wanting to study at university. This course covers all parts of the IELTS exam in detail, providing information, advice and practice to ensure that students are fully prepared for every aspect of the exam. Informed by the Cambridge English Corpus, Complete IELTS includes examples and exercises which tackle key IELTS problem areas, making it the most authoritative IELTS exam preparation course available. The Workbook with Answers with Audio CD contains extra practice corresponding to the units of the Student's Book. 
650 |a English language,Ngôn ngữ Anh 
650 |x Textbooks for foreign speakers,Sách giáo khoa cho người nói tiếng nước ngoài 
904 |i Bằng 
980 |a Trung tâm Học liệu Trường Đại học Cần Thơ